00333nam a22001337a 4500003000400000008004100004020001800045082001800063100002200081245005000103250001100153260002700164300000800191OSt240409b |||||||| |||| 00| 0 eng d a9780857425010 a891.4437bHAB aHAQ, Syed Shamsul aBlue Venom and Forbidden Incense Two Novellas a1st Ed aCacuttabSeagullc2015 a180